[Event "Titled Tue 27th May Early"]
[Site "chess.com INT"]
[Date "2025.05.27"]
[Round "5"]
[White "Daulet, Alikhan"]
[Black "Nouri, Alekhine"]
[Result "1-0"]
[WhiteTitle "CM"]
[BlackTitle "FM"]
[WhiteElo "2100"]
[BlackElo "2198"]
[WhiteFideId "13741632"]
[BlackFideId "5216184"]
[EventDate "2025.05.27"]

1. d4 Nf6 2. c4 g6 3. Nc3 Bg7 4. e4 d6 5. Be2 O-O 6. Nf3 e5 7. O-O Bg4 8. d5
Nbd7 9. Ne1 Bxe2 10. Qxe2 Nh5 11. Nd3 a5 12. Be3 b6 13. a3 Nc5 14. b4 Nxd3 15.
Qxd3 Nf4 16. Qd2 f5 17. exf5 Rxf5 18. g3 Qg5 19. Ne4 Qh5 20. f3 Nh3+ 21. Kg2 Rf7
22. Qe1 Nf4+ 23. gxf4 exf4 24. Bd2 Bxa1 25. Qxa1 Qf5 26. bxa5 bxa5 27. Re1 h5
28. h4 a4 29. Ng5 Rg7 30. Bc3 Rd7 31. Qb1 Qxb1 32. Rxb1 Re8 33. Ne4 Kf7 34. Kf2
Rdd8 35. Rb7 Re7 36. Bf6 Rxe4 37. Bxd8 Re3 38. Bxc7 Ke8 39. Bxd6 1-0

[Event "Titled Tue 27th May Early"]
[Site "chess.com INT"]
[Date "2025.05.27"]
[Round "5"]
[White "Ivannikov, Maksim"]
[Black "Nguyen, Quoc Hy"]
[Result "1-0"]
[WhiteTitle "CM"]
[BlackTitle "FM"]
[WhiteElo "2184"]
[BlackElo "2389"]
[WhiteFideId "34275339"]
[BlackFideId "12410853"]
[EventDate "2025.05.27"]

1. e4 c5 2. Nf3 d6 3. d4 cxd4 4. Nxd4 Nf6 5. Nc3 a6 6. f3 e5 7. Nb3 Be6 8. Be3
Nbd7 9. Qd2 Rc8 10. O-O-O Be7 11. g4 Nb6 12. g5 Nfd7 13. Kb1 Nc4 14. Bxc4 Rxc4
15. h4 b5 16. Nd5 Bxd5 17. exd5 Ra4 18. h5 Nb6 19. Bxb6 Qxb6 20. g6 fxg6 21. h6
gxh6 22. Qxh6 Rf4 23. Nd2 a5 24. Ne4 Rxf3 25. Qg7 Rff8 26. Rxh7 Rxh7 27. Qxh7
Qd4 28. Qxg6+ Kd8 29. Qg4 Rf4 30. Qg8+ Kc7 31. Nc3 Qc4 32. Qe8 Bh4 33. Nxb5+ Kb6
34. Qb8+ Kc5 35. Na3 Qf1 36. Qc7+ Kb4 37. Qb6+ 1-0

[Event "Titled Tue 27th May Early"]
[Site "chess.com INT"]
[Date "2025.05.27"]
[Round "5"]
[White "Eljanov, Pavel"]
[Black "Timofeev, Artyom"]
[Result "1-0"]
[WhiteTitle "GM"]
[BlackTitle "GM"]
[WhiteElo "2668"]
[BlackElo "2548"]
[WhiteFideId "14102951"]
[BlackFideId "4140419"]
[EventDate "2025.05.27"]

1. d4 e6 2. Nf3 Nf6 3. Bf4 Bd6 4. Bxd6 cxd6 5. c4 b6 6. Nc3 Bb7 7. d5 O-O 8. g3
Na6 9. Bg2 Rc8 10. Nd2 exd5 11. cxd5 Nc7 12. Nc4 Qe7 13. Ne3 g6 14. O-O Ba6 15.
Qa4 b5 16. Qa5 Qe5 17. Rfd1 h5 18. h3 Rfe8 19. Rd2 h4 20. g4 Qf4 21. Nf1 b4 22.
e3 Qc4 23. Rd4 bxc3 24. Rxc4 cxb2 25. Rb1 Bxc4 26. Rxb2 Bxd5 27. Qxa7 Bxg2 28.
Kxg2 Ncd5 29. Qd4 Re4 30. Qd1 Re6 31. Rc2 Rc5 32. a4 Nc3 33. Qd4 Nfd5 34. Nd2
Ne2 35. Qb2 Nec3 36. a5 Kh7 37. a6 Nd1 38. Rxc5 Nxb2 39. Rxd5 Re8 40. Rxd6 Ra8
41. Rxd7 Kg7 42. a7 Na4 43. Nc4 Nc5 44. Nb6 Nxd7 45. Nxa8 1-0

[Event "Titled Tue 27th May Early"]
[Site "chess.com INT"]
[Date "2025.05.27"]
[Round "5"]
[White "Mitrabha, Guha"]
[Black "Antoniou, Rafail"]
[Result "1-0"]
[WhiteTitle "GM"]
[BlackTitle "CM"]
[WhiteElo "2515"]
[BlackElo "2134"]
[WhiteFideId "5057000"]
[BlackFideId "5904390"]
[EventDate "2025.05.27"]

1. e4 c5 2. Nf3 e6 3. g3 Nc6 4. Bg2 Nf6 5. d3 d5 6. Nbd2 Be7 7. O-O O-O 8. Re1
dxe4 9. dxe4 e5 10. c3 Be6 11. Qc2 Qc7 12. Nf1 Rfd8 13. Bg5 Ne8 14. Ne3 f6 15.
Nd5 Bxd5 16. exd5 Rxd5 17. Be3 Rdd8 18. Nh4 Nd6 19. Bxc5 Nf7 20. Be3 Bf8 21.
Rad1 a6 22. Qb3 Na5 23. Qe6 Nc6 24. Nf5 Qc8 25. Bd5 Qxe6 26. Bxe6 g6 27. Nh4 Kg7
28. Bb6 Rd6 29. Rxd6 Nxd6 30. Nf3 Be7 31. Rd1 Nd8 32. Bd5 N8f7 33. c4 Rc8 34. c5
Nf5 35. Bxb7 Rxc5 36. Bxc5 Bxc5 37. Bxa6 e4 38. Ne1 e3 39. fxe3 Nxe3 40. Rd7 Kf8
41. Nd3 Bb6 42. Kh1 Ne5 43. Nxe5 fxe5 44. b4 1-0

[Event "Titled Tue 27th May Early"]
[Site "chess.com INT"]
[Date "2025.05.27"]
[Round "5"]
[White "Cuellar Montes, Alejandro"]
[Black "Tiitta, Sauli"]
[Result "1-0"]
[WhiteTitle "CM"]
[WhiteElo "2173"]
[BlackElo "2157"]
[WhiteFideId "32096836"]
[BlackFideId "502251"]
[EventDate "2025.05.27"]

1. d4 c5 2. d5 h6 3. e4 a6 4. c4 g5 5. h4 gxh4 6. Nf3 h3 7. g3 d6 8. Bxh3 Bxh3
9. Rxh3 Nd7 10. Nc3 Bg7 11. Nh4 Bxc3+ 12. bxc3 Qa5 13. Qc2 Ne5 14. Rb1 O-O-O 15.
Qb3 Rd7 16. Ke2 h5 17. Nf5 Nf6 18. f3 Ne8 19. Bf4 Ng6 20. Bg5 f6 21. Be3 Ne5 22.
Rbh1 b5 23. cxb5 c4 24. Qc2 Rb7 25. b6 Kd8 26. Rxh5 Rxh5 27. Rxh5 Nd7 28. Nd4
Rxb6 29. Nc6+ Rxc6 30. dxc6 Ne5 31. f4 Qa4 32. Qxa4 Kc7 33. Qa5+ Kxc6 34. f5 Nc7
35. Qb6+ Kd7 36. Rh7 Nb5 37. Qxa6 Nxc3+ 38. Ke1 Nd3+ 39. Kf1 Nxe4 40. Qb7+ Ke8
41. Qxe4 Nc5 42. Qxe7# 1-0

[Event "Titled Tue 27th May Early"]
[Site "chess.com INT"]
[Date "2025.05.27"]
[Round "5"]
[White "Herrera Ortiz, Miguel"]
[Black "Ahmad, Khagan"]
[Result "0-1"]
[WhiteTitle "IM"]
[BlackTitle "IM"]
[WhiteElo "2174"]
[BlackElo "2405"]
[WhiteFideId "5100550"]
[BlackFideId "13431552"]
[EventDate "2025.05.27"]

1. e4 c5 2. Nf3 d6 3. c3 Nf6 4. Be2 g6 5. O-O Bg7 6. Bb5+ Nc6 7. Re1 O-O 8. d4
Qb6 9. a4 cxd4 10. cxd4 a6 11. Bf1 Bg4 12. d5 Ne5 13. Nbd2 Rfc8 14. h3 Bxf3 15.
Nxf3 Nxf3+ 16. Qxf3 Nd7 17. Ra3 Nc5 18. Ra2 Qb3 19. Qxb3 Nxb3 20. Bg5 Kf8 21.
Ra3 Nd4 22. Rd1 Rc2 23. b4 Rac8 24. Be3 Ne2+ 25. Bxe2 Rxe2 26. Rb3 Rc4 27. a5
Rc3 28. Rbb1 Rcc2 29. b5 Rb2 30. bxa6 bxa6 31. Kf1 Ke8 32. Rxb2 Rxb2 33. Rc1 Rb5
34. Bb6 f5 35. f3 fxe4 36. fxe4 Kf7 37. Rc7 Rb4 38. Ra7 Rxe4 39. Rxa6 Bd4 0-1

[Event "Titled Tue 27th May Early"]
[Site "chess.com INT"]
[Date "2025.05.27"]
[Round "5"]
[White "Marynychenko, Yehor"]
[Black "Omariev, Maksim"]
[Result "0-1"]
[WhiteTitle "CM"]
[BlackTitle "FM"]
[WhiteElo "2183"]
[BlackElo "2304"]
[WhiteFideId "34160558"]
[BlackFideId "4193423"]
[EventDate "2025.05.27"]

1. e4 c5 2. c3 Nf6 3. e5 Nd5 4. Nf3 Nc6 5. d4 cxd4 6. cxd4 d6 7. Bc4 e6 8. O-O
Be7 9. Bxd5 exd5 10. Nc3 dxe5 11. dxe5 Be6 12. Nd4 O-O 13. Re1 Rc8 14. Nxe6 fxe6
15. Qg4 Rf5 16. f4 Nb4 17. Rd1 Qb6+ 18. Kh1 Qf2 19. Bd2 Nd3 20. Nxd5 Bc5 21. Be3
Qxe3 22. Rxd3 Qxd3 23. Rd1 Qe4 24. Nf6+ Rxf6 25. exf6 g6 26. h4 Qf5 27. Qf3 Qxf6
28. g3 b6 29. Rd7 Rf8 30. Qb7 Rf7 31. Qc8+ Kg7 32. Rd2 Qf5 33. Kh2 Qe4 34. Qd8
Qe3 35. Qd4+ Bxd4 36. Rg2 Qe4 37. h5 Qd5 38. h6+ Kxh6 39. Rd2 Kg7 40. Rxd4 Qxd4 0-1

[Event "Titled Tue 27th May Early"]
[Site "chess.com INT"]
[Date "2025.05.27"]
[Round "5"]
[White "Garcia Correa, Jose Ricardo"]
[Black "Karimova, Guldona"]
[Result "0-1"]
[WhiteTitle "FM"]
[BlackTitle "WIM"]
[WhiteElo "2103"]
[BlackElo "2265"]
[WhiteFideId "5101832"]
[BlackFideId "14210410"]
[EventDate "2025.05.27"]

1. e4 c5 2. Nf3 e6 3. d4 cxd4 4. Nxd4 Nf6 5. Nc3 Nc6 6. Nxc6 bxc6 7. Bd3 d5 8.
O-O Be7 9. Qe2 c5 10. exd5 exd5 11. Re1 Be6 12. Bb5+ Bd7 13. Bg5 Kf8 14. Bxf6
Bxf6 15. Nxd5 Bxb5 16. Qxb5 Qxd5 17. Rad1 Qf5 18. Qc6 Qc8 19. Qd6+ Kg8 20. Rd5
h6 21. Rxc5 Qd8 22. Qc6 Kh7 23. Qe4+ g6 24. Rd5 Qc7 25. Red1 Rhe8 26. Qf3 Qe7
27. g3 Rad8 28. c4 Kg7 29. b3 Rxd5 30. Rxd5 Qe1+ 31. Kg2 Qe4 32. Rd7 a5 33. Ra7
Qxf3+ 34. Kxf3 Bc3 35. Rb7 Re5 36. g4 h5 37. h3 h4 38. Rb5 Rxb5 39. cxb5 Bd4 40.
Ke4 Bxf2 41. Kd5 f5 42. gxf5 gxf5 43. a3 Kg6 44. a4 Kg5 45. b4 axb4 46. Kc4 f4
47. a5 f3 48. b6 Bxb6 49. axb6 f2 50. b7 f1=Q+ 51. Kxb4 Qb1+ 0-1

[Event "Titled Tue 27th May Early"]
[Site "chess.com INT"]
[Date "2025.05.27"]
[Round "5"]
[White "Ejsymont, Blanka"]
[Black "Zaw, Ye Htut"]
[Result "0-1"]
[WhiteTitle "WCM"]
[BlackTitle "CM"]
[WhiteElo "1907"]
[BlackElo "2180"]
[WhiteFideId "21088268"]
[BlackFideId "13013955"]
[EventDate "2025.05.27"]

1. e4 d5 2. exd5 Qxd5 3. Nc3 Qa5 4. d4 Nf6 5. Nf3 Nc6 6. d5 Nb4 7. Bc4 Bg4 8.
O-O O-O-O 9. Bd2 Qc5 10. Bb3 Nbxd5 11. Na4 Qc6 12. h3 Bxf3 13. Qxf3 e6 14. Rad1
Be7 15. c4 Nb4 16. Bxb4 Qxf3 17. gxf3 Bxb4 18. a3 Bd6 19. Bc2 Nh5 20. b4 Nf4 21.
c5 Be5 22. h4 Ne2+ 23. Kg2 Nd4 24. Bd3 h6 25. b5 g5 26. h5 Rhg8 27. c6 g4 28.
cxb7+ Kb8 29. f4 Bxf4 30. Be4 g3 31. f3 Nf5 32. Nc5 Ne3+ 33. Kg1 a6 34. Nxa6+
Ka7 35. Rxd8 Rxd8 36. Rb1 c5 37. b6+ Kxa6 38. a4 Rd1+ 0-1

[Event "Titled Tue 27th May Early"]
[Site "chess.com INT"]
[Date "2025.05.27"]
[Round "5"]
[White "Logachiov, Aleksandr"]
[Black "Bustelo, Tabare"]
[Result "1-0"]
[WhiteTitle "CM"]
[BlackTitle "CM"]
[WhiteElo "2129"]
[BlackElo "2043"]
[WhiteFideId "24123706"]
[BlackFideId "3000362"]
[EventDate "2025.05.27"]

1. d4 c5 2. dxc5 Qa5+ 3. Nc3 Qxc5 4. e4 a6 5. Nf3 e6 6. Be3 Qc7 7. Be2 Bb4 8.
Bd4 Nf6 9. a3 Bxc3+ 10. Bxc3 Nxe4 11. Bxg7 Rg8 12. Be5 d6 13. Bg3 f5 14. Bd3 e5
15. Bxe4 fxe4 16. Qd5 Rf8 17. Ng5 Bf5 18. Nxe4 Bxe4 19. Qxe4 Nc6 20. O-O O-O-O
21. Rad1 Nd4 22. c3 Ne6 23. Qg4 Rf6 24. Rd2 Rg6 25. Qf5 Kb8 26. Rfd1 Rf8 27. Qe4
Nf4 28. c4 Rfg8 29. b4 h5 30. c5 h4 31. cxd6 Qd7 32. Bxf4 Rxg2+ 33. Qxg2 Rxg2+
34. Kxg2 exf4 35. f3 h3+ 36. Kh1 1-0

[Event "Titled Tue 27th May Early"]
[Site "chess.com INT"]
[Date "2025.05.27"]
[Round "5"]
[White "Jakubowski, Krzysztof"]
[Black "Klekowski, Maciej"]
[Result "0-1"]
[WhiteTitle "GM"]
[BlackTitle "GM"]
[WhiteElo "2448"]
[BlackElo "2474"]
[WhiteFideId "1112848"]
[BlackFideId "1132717"]
[EventDate "2025.05.27"]

1. e4 e5 2. Nf3 Nc6 3. Bc4 Nf6 4. d3 Be7 5. O-O O-O 6. Re1 d6 7. a4 Kh8 8. Nbd2
Ng8 9. a5 a6 10. c3 f5 11. Qb3 Nh6 12. Bd5 Bf6 13. Nf1 Ne7 14. Be6 fxe4 15. dxe4
Ng6 16. Bxh6 gxh6 17. g3 Bg7 18. Re3 h5 19. h4 Bh6 20. Rd3 Rf6 21. Bxc8 Qxc8 22.
N1h2 Qh3 23. Kh1 Raf8 24. Ng1 Qc8 25. f3 Rg8 26. Ne2 Nf8 27. Rg1 Ne6 28. Rdd1
Rfg6 29. Qd5 Be3 30. Rg2 Nf4 31. Nxf4 Bxf4 32. Qf7 Bxg3 33. Rdg1 Rf8 34. Qxg6
hxg6 35. Rxg3 Rf6 36. Kg2 Qe6 37. Nf1 Kh7 38. Ne3 Qb3 39. Re1 Qxb2+ 0-1

[Event "Titled Tue 27th May Early"]
[Site "chess.com INT"]
[Date "2025.05.27"]
[Round "5"]
[White "Mikhailovsky, Vladimir"]
[Black "Chekletsov, Ilya"]
[Result "1-0"]
[WhiteTitle "CM"]
[BlackTitle "IM"]
[WhiteElo "2215"]
[BlackElo "2338"]
[WhiteFideId "34105414"]
[BlackFideId "24177156"]
[EventDate "2025.05.27"]

1. e4 c5 2. c3 d5 3. exd5 Qxd5 4. d4 Nc6 5. Nf3 Bg4 6. Be2 cxd4 7. cxd4 e6 8.
Nc3 Bb4 9. O-O Bxc3 10. bxc3 Nf6 11. h3 Bh5 12. Rb1 Qd7 13. Ba3 Ne4 14. Qc2 Nd6
15. Ne5 Nxe5 16. dxe5 Bxe2 17. Qxe2 Nf5 18. Rfd1 Qc6 19. Rb4 Rc8 20. Rb3 Rd8 21.
Rbb1 a6 22. Rd3 Rxd3 23. Qxd3 h5 24. Rd1 Qc7 25. Qe4 Ne7 26. Qh4 Nc6 27. Qg5 Rh7
28. Bd6 Qd7 29. Qf4 Rh6 30. Qg5 Rh7 31. Rd3 b5 32. Rg3 a5 33. Qf4 Ne7 34. Qe4
Nf5 35. Rd3 Qc8 36. Kf1 Rh6 37. Kg1 Rg6 38. a4 bxa4 39. Qxa4+ Qd7 40. Qxa5 Nh4
41. g3 Nf5 42. Qb6 Qd8 43. Qb5+ Qd7 44. Qb8+ Qd8 45. Qb4 Qd7 46. Qc4 h4 47. g4
Ne7 48. Rd2 Nd5 49. Rb2 f6 50. Rb8+ Kf7 51. Rf8# 1-0

[Event "Titled Tue 27th May Early"]
[Site "chess.com INT"]
[Date "2025.05.27"]
[Round "5"]
[White "Goryachkina, Aleksandra"]
[Black "Khazhatuly, Alikhan"]
[Result "0-1"]
[WhiteTitle "GM"]
[BlackTitle "CM"]
[WhiteElo "2544"]
[BlackElo "2196"]
[WhiteFideId "4147103"]
[BlackFideId "13731335"]
[EventDate "2025.05.27"]

1. Nf3 Nf6 2. b3 d5 3. Bb2 Bf5 4. g3 e6 5. Bg2 Be7 6. O-O O-O 7. d3 c5 8. Nbd2
Nc6 9. e3 Qc7 10. Qe2 Rfd8 11. h3 b5 12. Nh4 Bg6 13. f4 Nh5 14. Nxg6 hxg6 15.
Qf2 Bf6 16. Bxf6 Nxf6 17. Nf3 c4 18. Ng5 Rac8 19. bxc4 bxc4 20. d4 Rb8 21. g4
Rb2 22. a3 Ne7 23. Bf3 c3 24. h4 Qc4 25. Qg2 Qa4 26. Bd1 Rdb8 27. h5 gxh5 28. f5
exf5 29. gxh5 Rb1 30. Rxb1 Rxb1 31. h6 Ng6 32. Qg3 f4 33. Qh3 Qe8 34. h7+ Kh8
35. exf4 Nxf4 36. Rxf4 Rxd1+ 37. Rf1 Rxf1+ 38. Kxf1 Ne4 39. Nxe4 Qxe4 40. Qxc3
Kxh7 41. Qh3+ Kg6 42. c3 Qf5+ 0-1

[Event "Titled Tue 27th May Early"]
[Site "chess.com INT"]
[Date "2025.05.27"]
[Round "5"]
[White "Azizoglu, Ferzan"]
[Black "Mayorau, Mikita1"]
[Result "1-0"]
[BlackTitle "GM"]
[WhiteElo "2055"]
[BlackElo "2472"]
[WhiteFideId "6302726"]
[BlackFideId "13501720"]
[EventDate "2025.05.27"]

1. d4 Nf6 2. c4 c5 3. Nf3 cxd4 4. Nxd4 Nc6 5. g3 e6 6. Bg2 Bc5 7. Nb3 Be7 8. Nc3
O-O 9. O-O d6 10. Be3 a6 11. Rc1 Rb8 12. h3 Ne5 13. Ne4 Nxe4 14. Bxe4 Bd7 15. c5
d5 16. Bg2 Nc4 17. Bd4 Bf6 18. e4 Bxd4 19. Qxd4 Bc6 20. exd5 exd5 21. Rfd1 Re8
22. Rc2 Qg5 23. Bxd5 Rbd8 24. Qxc4 Bxd5 25. Qh4 Qg6 26. Rcd2 Qe6 27. Kh2 f6 28.
Nd4 Qe5 29. Qf4 Qxf4 30. gxf4 Be4 31. Nb3 Rc8 32. Kg3 h5 33. h4 Kh7 34. Rd4 Bf5
35. R1d2 Re7 36. Rd5 Bg6 37. Nd4 Rec7 38. b4 Kh6 39. Nf5+ Bxf5 40. Rxf5 a5 41.
a3 Rxc5 42. Rxc5 Rxc5 43. bxc5 1-0

[Event "Titled Tue 27th May Early"]
[Site "chess.com INT"]
[Date "2025.05.27"]
[Round "5"]
[White "Ramos Espinoza, Efren Andres"]
[Black "Gelman, Alexander"]
[Result "1/2-1/2"]
[WhiteTitle "FM"]
[BlackTitle "IM"]
[WhiteElo "2104"]
[BlackElo "2403"]
[WhiteFideId "6100538"]
[BlackFideId "4118316"]
[EventDate "2025.05.27"]

1. d4 Nf6 2. Nf3 c5 3. c4 cxd4 4. Nxd4 d6 5. Nc3 a6 6. e4 e6 7. Be3 Bd7 8. Be2
Nc6 9. O-O Be7 10. Re1 O-O 11. Rc1 Rc8 12. b3 Ne5 13. h3 Ng6 14. Qd2 Qc7 15. f4
Qb8 16. a4 Rfd8 17. Bd3 e5 18. Nf3 exf4 19. Bxf4 Nxf4 20. Qxf4 Be6 21. Nd5 Re8
22. Ng5 h6 23. Nxe6 fxe6 24. Nxe7+ Rxe7 25. e5 dxe5 26. Qxe5 Qa7+ 27. Kh1 Rd8
28. Rcd1 Rf8 29. Bc2 Qf2 30. Re2 Qh4 31. Rd4 Qh5 32. Qxh5 Nxh5 33. Kh2 Nf6 34.
Rd6 Rc8 35. Rexe6 Rxe6 36. Rxe6 Rd8 37. Rb6 Rd7 38. Bf5 Re7 39. c5 Re5 40. Be6+
Kf8 41. b4 a5 42. Bc8 axb4 43. Rxb4 Rxc5 44. Bxb7 Ke7 45. Bf3 Kd6 46. Rb7 Ne8
47. Ra7 Nc7 48. a5 g5 49. Rb7 Rxa5 50. Rb6+ Ke5 51. Rxh6 Ne6 52. Rg6 Kf5 53. Rg8
Nf4 54. Bg4+ Kf6 55. Bf3 Ra2 56. Rf8+ Kg6 57. Rg8+ Kf6 58. Rf8+ Kg6 59. Rg8+ Kf6 1/2-1/2

[Event "Titled Tue 27th May Early"]
[Site "chess.com INT"]
[Date "2025.05.27"]
[Round "5"]
[White "Rozman, Levy"]
[Black "Golubova, Anna"]
[Result "1-0"]
[WhiteTitle "IM"]
[BlackTitle "WIM"]
[WhiteElo "2324"]
[BlackElo "2112"]
[WhiteFideId "2039877"]
[BlackFideId "24173606"]
[EventDate "2025.05.27"]

1. d4 g6 2. h4 h5 3. Bg5 Bg7 4. c3 d6 5. Nd2 Nf6 6. e4 O-O 7. Bd3 c5 8. Ne2 cxd4
9. Nxd4 Nc6 10. f3 Nxd4 11. cxd4 Qb6 12. Be3 Qxb2 13. O-O Nd7 14. Nc4 Qb5 15. a4
Qc6 16. Rc1 Nb6 17. d5 Qxa4 18. Qe2 Nxc4 19. Rxc4 Qa5 20. Rb1 e6 21. Bd2 Qd8 22.
Bg5 Qe8 23. Rc7 f6 24. Bf4 exd5 25. Bxd6 Rf7 26. Rbc1 dxe4 27. Bxe4 Rxc7 28.
Bd5+ Be6 29. Qxe6+ Qxe6 30. Bxe6+ Kh7 31. Rxc7 b5 32. Be7 Kh8 33. Rb7 a6 34. Bf7
Kh7 35. g4 hxg4 36. fxg4 Kh6 37. Bd5 Re8 38. Bf3 g5 39. Kg2 gxh4 40. Bc6 Rc8 41.
Be4 Rc4 42. Bf5 Kg5 43. Bd6 Rc3 44. Rxg7+ Kh6 45. Rg6+ Kh7 46. Rxf6+ Kg7 47. Be5 1-0

[Event "Titled Tue 27th May Early"]
[Site "chess.com INT"]
[Date "2025.05.27"]
[Round "5"]
[White "Kovalevsky, Stanislav"]
[Black "Nikologorskiy, Konstantin"]
[Result "0-1"]
[WhiteTitle "FM"]
[BlackTitle "IM"]
[WhiteElo "2098"]
[BlackElo "2413"]
[WhiteFideId "13508598"]
[BlackFideId "24111708"]
[EventDate "2025.05.27"]

1. e4 c5 2. c3 d5 3. exd5 Qxd5 4. Nf3 Nf6 5. d4 e6 6. Be3 cxd4 7. cxd4 Bb4+ 8.
Nc3 Nc6 9. Bd3 O-O 10. O-O Bxc3 11. bxc3 b6 12. c4 Qd6 13. Bg5 Nd7 14. d5 exd5
15. cxd5 Nb4 16. Re1 Qxd5 17. Be4 Qxd1 18. Raxd1 Rb8 19. Be7 Nxa2 20. Bxf8 Kxf8
21. Bf5 Rb7 22. Ne5 Nxe5 23. Bxc8 Rc7 24. Ba6 f6 25. f4 Ng6 26. Rd8+ Kf7 27. g3
Ne7 28. Bb5 g6 29. Be8+ Kg7 30. Bd7 Nd5 31. Ree8 Rc1+ 32. Kg2 Nac3 33. Be6 Ne3+
34. Kh3 Kh6 35. g4 Ne4 36. g5+ fxg5 37. fxg5+ Nxg5+ 38. Kg3 Nf1+ 39. Kf2 Nxh2
40. Bg8 Rc2+ 41. Kg1 Nh3+ 42. Kh1 Ng4 43. Re4 Rh2# 0-1

[Event "Titled Tue 27th May Early"]
[Site "chess.com INT"]
[Date "2025.05.27"]
[Round "5"]
[White "Yanev, Tihomir"]
[Black "Velikanov, Alexander"]
[Result "1/2-1/2"]
[WhiteTitle "IM"]
[BlackTitle "IM"]
[WhiteElo "2354"]
[BlackElo "2372"]
[WhiteFideId "2910110"]
[BlackFideId "2039290"]
[EventDate "2025.05.27"]

1. e4 c5 2. Nc3 e6 3. g3 d5 4. Bg2 Nf6 5. d3 h6 6. e5 Nfd7 7. f4 g5 8. Nf3 Nc6
9. O-O g4 10. Nd2 h5 11. f5 Ndxe5 12. fxe6 Bxe6 13. Nb3 Qd7 14. d4 cxd4 15. Nb5
Bc5 16. Nxc5 Qe7 17. Nxe6 fxe6 18. Nxd4 O-O-O 19. Bf4 Nc4 20. b3 Qc5 21. bxc4
Nxd4 22. Be3 dxc4 23. c3 Nf3+ 24. Qxf3 gxf3 25. Bxc5 fxg2 26. Kxg2 h4 27. Bd4
Rh5 28. g4 Rg5 29. h3 e5 30. Be3 Rg6 31. Rad1 Rd3 32. Rxd3 cxd3 33. Rd1 e4 34.
g5 Kd7 35. Bf4 Rc6 36. Kf2 Ke6 37. Ke3 Kf5 38. Rf1 Rxc3 39. Bb8+ Kxg5 40. Kxe4
d2 41. Bf4+ Kg6 42. Rg1+ Kf7 43. Bxd2 Rxh3 44. Be3 Rh2 45. a3 b6 46. Rc1 Ra2 47.
Rc7+ Kg6 48. Rxa7 h3 49. Bf4 h2 50. Bxh2 Rxh2 51. Kd5 Rc2 52. Rb7 Rc5+ 53. Kd4
Rc6 54. Kd5 Rc5+ 55. Kd6 Ra5 56. Rxb6 Rxa3 57. Kc7+ Kf7 58. Rd6 Ke8 59. Re6+ Kf7
60. Re4 Rc3+ 61. Kd6 Kf6 62. Rf4+ Kg5 63. Rf1 Ra3 64. Ke6 Ra5 65. Rg1+ Kf4 66.
Rf1+ Ke3 67. Re1+ Kd2 68. Re4 Kd3 69. Re1 Ra8 70. Rd1+ Kc4 71. Rg1 Ra6+ 72. Ke7
Kd5 73. Rd1+ Ke5 74. Re1+ Kf5 75. Rf1+ Ke4 76. Re1+ Kd3 77. Rd1+ Ke2 78. Rh1 1/2-1/2

[Event "Titled Tue 27th May Early"]
[Site "chess.com INT"]
[Date "2025.05.27"]
[Round "5"]
[White "Ferey, Antonin"]
[Black "Zobel, Christian"]
[Result "1-0"]
[WhiteTitle "CM"]
[BlackTitle "CM"]
[WhiteElo "2238"]
[BlackElo "2157"]
[WhiteFideId "36051454"]
[BlackFideId "16259068"]
[EventDate "2025.05.27"]

1. Nf3 c5 2. c3 Nf6 3. d4 cxd4 4. cxd4 d5 5. Nc3 Nc6 6. Bf4 Qb6 7. Na4 Qb4+ 8.
Bd2 Qd6 9. e3 Ne4 10. Rc1 g6 11. Nc5 Nxd2 12. Qxd2 Bg7 13. Be2 O-O 14. O-O b6
15. Nd3 Bb7 16. b4 a6 17. a3 Rac8 18. Rc2 f6 19. Nb2 Kh8 20. Na4 Nb8 21. Rfc1
Bc6 22. Nxb6 Rcd8 23. a4 e5 24. a5 e4 25. Ne1 f5 26. Bxa6 f4 27. Bf1 f3 28. g3
h5 29. b5 Bb7 30. Rc7 Qf6 31. Rxb7 h4 32. Rxb8 Rxb8 33. Nd7 Qg5 34. Nxb8 Rxb8
35. a6 hxg3 36. fxg3 Rf8 37. Qf2 Bxd4 38. Nc2 Rc8 39. Nxd4 Rxc1 40. a7 Rc8 41.
b6 Qe7 42. Qb2 Kh7 43. b7 Rc7 44. b8=Q Rxa7 45. Nc6 f2+ 46. Kg2 1-0

[Event "Titled Tue 27th May Early"]
[Site "chess.com INT"]
[Date "2025.05.27"]
[Round "5"]
[White "Provaznik, Michal"]
[Black "Safin Safarullakhan"]
[Result "1-0"]
[WhiteTitle "CM"]
[BlackTitle "CM"]
[WhiteElo "2050"]
[BlackElo "2109"]
[WhiteFideId "315273"]
[BlackFideId "33379475"]
[EventDate "2025.05.27"]

1. e4 c5 2. c3 d5 3. exd5 Qxd5 4. d4 Nc6 5. Nf3 Bg4 6. Be2 cxd4 7. cxd4 e6 8.
Nc3 Bb4 9. O-O Qa5 10. Bd2 Nf6 11. a3 Bxc3 12. bxc3 Rd8 13. h3 Bh5 14. Qb3 O-O
15. c4 Qc7 16. g4 Bg6 17. Be3 Be4 18. Rfd1 b6 19. Rac1 Qb7 20. Ng5 Na5 21. Qb2
Bc6 22. h4 h6 23. Nh3 Bf3 24. g5 Ng4 25. Nf4 Nxe3 26. fxe3 hxg5 27. hxg5 Be4 28.
Bg4 Qe7 29. Nh3 f5 30. Be2 g6 31. c5 Rf7 32. Bb5 Rh7 33. Qh2 Qg7 34. cxb6 axb6
35. Rc3 Qe7 36. Rdc1 Rh5 37. Rc7 Rxg5+ 38. Nxg5 Qxg5+ 39. Kf2 Qg4 40. Qh7+ Kf8
41. Qf7# 1-0

[Event "Titled Tue 27th May Early"]
[Site "chess.com INT"]
[Date "2025.05.27"]
[Round "5"]
[White "Nguyen, Ngoc Truong Son"]
[Black "Sjugirov, Sanan"]
[Result "1-0"]
[WhiteTitle "GM"]
[BlackTitle "GM"]
[WhiteElo "2632"]
[BlackElo "2638"]
[WhiteFideId "12401110"]
[BlackFideId "4189302"]
[EventDate "2025.05.27"]

1. e4 c5 2. Nf3 Nc6 3. c3 Nf6 4. e5 Nd5 5. Bc4 Nb6 6. Bb3 d5 7. exd6 c4 8. Bc2
Qxd6 9. O-O g6 10. Na3 Bg7 11. d3 cxd3 12. Nb5 Qd8 13. Qxd3 O-O 14. Bf4 Qxd3 15.
Bxd3 Nd5 16. Bg3 a6 17. Nc7 Nxc7 18. Bxc7 Bg4 19. Be4 Rac8 20. Bb6 Bxf3 21. Bxf3
Ne5 22. Be2 Nc4 23. Bxc4 Rxc4 24. a4 Be5 25. Rfd1 Bd6 26. Rd3 Rfc8 27. a5 Re4
28. Kf1 f5 29. Rad1 Kf7 30. h3 Rcc4 31. b3 Rc6 32. c4 Re6 33. Rd5 Bc7 34. c5
Bxb6 35. axb6 Re4 36. f3 Rb4 37. Re5 Re6 38. Rxe6 Kxe6 39. Rd8 Rb5 40. Rc8 Kd5
41. Rc7 Rxc5 42. Rxb7 Ke6 43. Ra7 Rb5 44. Rxa6 Rxb3 45. Kf2 f4 46. h4 Kf7 47.
Ke2 h6 48. Kd2 e6 49. Kc2 Rb5 50. Kc3 Kf6 51. Kc4 Rb2 52. Kc5 g5 53. hxg5+ hxg5
54. Ra4 Ke5 55. Re4+ Kf5 56. Rb4 Rc2+ 57. Kb5 Rc8 58. b7 Rb8 59. Kc6 g4 60. Kc7 1-0